000 00408nam a2200169Ia 4500
008 221030s9999 xx 000 0 und d
020 _a8177223860
041 _aEnglish
082 _a105.23
_bDue
100 _aT. N. Duering
245 0 _aManagement - Principles & Guidelines
260 _bBiztantra
_aNew Delhi
_c2005
300 _a528
650 _aManagement
700 _aJ. M. Ivancevich
942 _cBK
999 _c600
_d600